000 00633nam a2200253Ia 4500
003 OSt
005 20221007104214.0
006 a|||||r|||| 00| 0
007 ta
008 221006b |||||||| |||| 00| 0 eng d
020 _a8175341750
024 _a15,182
037 _cTextual
040 _aLCO
_cLCO
_beng
041 _2eng
_aeng
082 _aZ3,91, L1
100 _aRawls John
245 0 _aTheory of Justice
260 _aLondon
_bUniversal Law Publisher UK
_c1971
300 _a607
650 _aTHEORY OF JUSTICE
_9686681
942 _hZ3,91, L1
_cTEXL
999 _c1184745
_d1184745